Logo Biblioteca

La muerte de Artemio Cruz / (Registro nro. 878)

Detalles MARC
000 -LEADER
fixed length control field 01444nam a22002297a 4500
003 - CONTROL NUMBER IDENTIFIER
control field AR-RoUNCS
005 - DATE AND TIME OF LATEST TRANSACTION
control field 20260204145606.0
008 - FIXED-LENGTH DATA ELEMENTS--GENERAL INFORMATION
fixed length control field 091130s2008 ag gr 001 f spa
015 ## - NATIONAL BIBLIOGRAPHY NUMBER
National bibliography number AR-2008
020 ## - INTERNATIONAL STANDARD BOOK NUMBER
International Standard Book Number 978-987-04-0986-1
040 ## - CATALOGING SOURCE
Original cataloging agency AR-BaBN
Language of cataloging spa
Transcribing agency AR-RoUNCS
Description conventions aacr
080 1# - UNIVERSAL DECIMAL CLASSIFICATION NUMBER
Universal Decimal Classification number 82-31(72)
Edition identifier 2016
100 1# - MAIN ENTRY--PERSONAL NAME
Personal name Fuentes, Carlos,
Dates associated with a name 1928-2012
Relator term autor
Relationship aut
245 13 - TITLE STATEMENT
Title La muerte de Artemio Cruz /
Statement of responsibility, etc. Carlos Fuentes.
250 ## - EDITION STATEMENT
Edition statement 1a ed.
260 ## - PUBLICATION, DISTRIBUTION, ETC.
Place of publication, distribution, etc. Buenos Aires :
Name of publisher, distributor, etc. Aguilar, Altea, Taurus, Alfaguara,
Date of publication, distribution, etc. 2008.
300 ## - PHYSICAL DESCRIPTION
Extent 359 p. ;
Dimensions 24 cm.
520 3# - SUMMARY, ETC.
Summary, etc. La novela relata las últimas horas de vida de Artemio Cruz, un poderoso hombre de la política y los negocios en México, mientras agoniza en su cama.<br/><br/>A través de una estructura fragmentada, la narración alterna entre el presente de su lecho de muerte y diferentes momentos de su pasado.<br/><br/>De este modo, se revisa su infancia, su ascenso durante la Revolución Mexicana, sus amores, traiciones, pérdidas, negocios turbios y alianzas políticas.<br/><br/>Cada episodio revela cómo Artemio, que en su juventud luchó por ideales revolucionarios, terminó convirtiéndose en un hombre cínico, autoritario y corrupto.<br/><br/>A lo largo del texto, el protagonista se confronta consigo mismo. Revive errores, se atormenta con recuerdos y se enfrenta al vacío moral que lo consume.
650 #7 - SUBJECT ADDED ENTRY--TOPICAL TERM
Source of heading or term embne
Topical term or geographic name entry element Literatura mexicana
655 #7 - INDEX TERM--GENRE/FORM
Genre/form data or focus term Novelas históricas
Source of term embne
942 ## - ADDED ENTRY ELEMENTS (KOHA)
Source of classification or shelving scheme Universal Decimal Classification
Koha item type Libro de préstamo a domicilio
Suppress in OPAC No
Existencias
Withdrawn status Lost status Source of classification or shelving scheme Damaged status Not for loan Collection Home library Current library Date acquired Source of acquisition Total checkouts Full call number Barcode Date last seen Price effective from Koha item type
    Universal Decimal Classification     Colección General Biblioteca Escuela de Ciencias Sociales Biblioteca Escuela de Ciencias Sociales 04/02/2026 Donación 2023   82-31/72) F954 000207 04/02/2026 04/02/2026 Libro de préstamo a domicilio
Biblioteca de la Escuela Preuniversitaria en Ciencias Sociales y Humanísticas.
Riobamba 250 bis.
CP 2000 - Rosario - Santa Fe
E-Mail: biblioteca@esociales.unr.edu.ar